000 00735nam a22002177a 4500
999 _c20294
_d20294
003 AR-CdUCM
008 190528b ||||| |||| 00| 0 spa d
040 _aMUNICIPALIDAD PROVINCIAL DEL CUSCO
_cBIBLIOTECA MUNICIPAL DEL CUSCO
082 _a372.6 /
_bZ19
100 _aZaid, Gabriel
_942413
245 _aLa poesía en la práctica /
260 _aMéxico :
_bCultura sep,
_c1985.
300 _a137 páginas ;
_c23 cm
440 _aLecturas 98 Mexicanas
_n98
_942414
505 _aContenido : La ciudad de los poetas -- Las dos inculturas -- Lo expresivo y lo oprimente...
650 _aPoesía como movimiento
_942415
650 _aEnsayos
_9375
650 _aPráctica en lo social
_942416
942 _2ddc
_cLIBROS
945 _arcc